000 00569nam a2200193Ia 4500
005 20260114185702.0
008 008 260114s9999 xx 000 0 eng d
020 _a9780755622443
037 _aEBOOK
040 _aCRL
_beng
_cCRL
041 _aeng
_2eng
084 _qCRL
100 _a0
_9873134
245 4 _aThe Hamilton Letters The Naples Dispatches of Sir William Hamilton
260 _bBloomsbury
_c2008
856 _uhttps://doi.org/10.5040/9780755622443?locatt=label:secondary_bloomsburyCollections
942 _cEBOOK
999 _c1472082
_d1472082